[Event "Borisoglebsk Autumn op"]
[Site "Borisoglebsk"]
[Date "2013.09.07"]
[Round "3"]
[White "Sokolov, Yury"]
[Black "Golovanov, Anatoly"]
[Result "1-0"]
[WhiteElo "1887"]
[BlackElo "1816"]
[PlyCount "73"]
[EventDate "2013.09.06"]
[EventType "swiss"]
[EventRounds "7"]
[EventCountry "RUS"]
[SourceTitle "CBM 156 Extra"]
[Source "ChessBase"]
[SourceDate "2013.10.22"]
[SourceVersion "1"]
[SourceVersionDate "2013.10.22"]
[SourceQuality "1"]

1. d4 d5 2. Nc3 c6 3. e4 dxe4 4. Nxe4 Bf5 5. Ng3 Bg6 6. Bc4 e6 7. a4 Bd6 8. N1e2 h6 9. 0-0 Nf6 10. f4 0-0 11. f5 exf5 12. Nxf5 Bxf5 13. Rxf5 Nbd7 14. Qd3 Qc7 15. Qh3 Kh7 16. Bd2 Rae8 17. Raf1 Qd8 18. Bd3 Kg8 19. Bxh6 Ne4 20. Bxg7 f6 21. Qh8+ Kf7 22. Bc4+ Ke7 23. Bxf8+ Rxf8 24. Qh7+ Ke8 25. Qg6+ Ke7 26. Nf4 Bxf4 27. R5xf4 Ndc5 28. Qg7+ Ke8 29. c3 Qd6 30. Kh1 Nd2 31. dxc5 Qxc5 32. Qxb7 Rh8 33. Qb8+ Ke7 34. Qxh8 Nxf1 35. Qh7+ Kd8 36. Rd4+ Kc8 37. Ba6+ 1-0

[Event "Borisoglebsk Autumn op"]
[Site "Borisoglebsk"]
[Date "2013.09.07"]
[Round "4"]
[White "Sokolov, Yury"]
[Black "Skomorohov, Grigorij"]
[Result "0-1"]
[WhiteElo "1887"]
[BlackElo "2164"]
[PlyCount "32"]
[EventDate "2013.09.06"]
[EventType "swiss"]
[EventRounds "7"]
[EventCountry "RUS"]
[SourceTitle "CBM 156 Extra"]
[Source "ChessBase"]
[SourceDate "2013.10.22"]
[SourceVersion "1"]
[SourceVersionDate "2013.10.22"]
[SourceQuality "1"]

1. d4 d5 2. Nc3 f5 3. Nf3 Nf6 4. Bf4 c6 5. Ne5 e6 6. a3 Be7 7. e3 Nbd7 8. Be2 0-0 9. 0-0 Qe8 10. Kh1 h6 11. h4 Nxe5 12. dxe5 Ne4 13. Nxe4 fxe4 14. h5 c5 15. Bg4 Bd7 16. b3 Qd8 0-1

[Event "Borisoglebsk Autumn op"]
[Site "Borisoglebsk"]
[Date "2013.09.06"]
[Round "2"]
[White "Kovalenko, Vladimir"]
[Black "Sokolov, Yury"]
[Result "1/2-1/2"]
[WhiteElo "2135"]
[BlackElo "1887"]
[PlyCount "61"]
[EventDate "2013.09.06"]
[EventType "swiss"]
[EventRounds "7"]
[EventCountry "RUS"]
[SourceTitle "CBM 156 Extra"]
[Source "ChessBase"]
[SourceDate "2013.10.22"]
[SourceVersion "1"]
[SourceVersionDate "2013.10.22"]
[SourceQuality "1"]

1. d4 Nf6 2. c4 e6 3. Nc3 Bb4 4. f3 d5 5. Qa4+ Nc6 6. a3 Bxc3+ 7. bxc3 Bd7 8. Qc2 h6 9. e4 dxe4 10. fxe4 e5 11. Nf3 0-0 12. d5 Nb8 13. Be2 Re8 14. 0-0 Bg4 15. Be3 Nbd7 16. Bd3 b6 17. Qf2 Rc8 18. Nh4 c6 19. h3 Bh5 20. Nf5 Rf8 21. d6 Rb8 22. Ne7+ Kh8 23. Nxc6 Qe8 24. Nxb8 Qxb8 25. c5 bxc5 26. Bxc5 a5 27. Rab1 Qa8 28. Rfe1 Rc8 29. Rb5 Bg6 30. Qe3 Qc6 31. Bb6 1/2-1/2

[Event "Zelenograd Silent op"]
[Site "Zelenograd"]
[Date "2013.06.07"]
[Round "5"]
[White "Okrugin, Alexander"]
[Black "Sokolov, Yury"]
[Result "1/2-1/2"]
[WhiteElo "2035"]
[BlackElo "1908"]
[PlyCount "105"]
[EventDate "2013.06.02"]
[EventType "swiss"]
[EventRounds "9"]
[EventCountry "RUS"]
[SourceTitle "EXT 2015"]
[Source "ChessBase"]
[SourceDate "2014.11.20"]
[SourceVersion "1"]
[SourceVersionDate "2014.11.20"]
[SourceQuality "1"]

1. e4 c5 2. Nc3 d6 3. g3 g6 4. Bg2 Bg7 5. f4 e6 6. Nf3 Nc6 7. 0-0 Nge7 8. h3 0-0 9. Kh2 h6 10. d3 a6 11. a4 Rb8 12. Ne2 Kh7 13. c3 Ng8 14. d4 Nce7 15. Be3 c4 16. b4 Bd7 17. Qc2 d5 18. exd5 Nxd5 19. Bf2 Nge7 20. Ne5 Nf5 21. Qd2 Nd6 22. a5 Be8 23. Rac1 f6 24. Ng4 Bc6 25. Ne3 f5 26. Ng1 Nxe3 27. Qxe3 Bxg2 28. Kxg2 Ne4 29. Be1 Qd5 30. Kh2 Bf6 31. Nf3 Rg8 32. Nd2 Nd6 33. Bf2 g5 34. Rg1 Rg6 35. Rce1 Re8 36. Nf3 Qe4 37. Ne5 Bxe5 38. dxe5 Qxe3 39. Bxe3 Ne4 40. Bd4 gxf4 41. gxf4 Reg8 42. Rxg6 Rxg6 43. Rg1 Rxg1 44. Kxg1 Kg6 45. Kg2 Kh5 46. Kh2 Nd2 47. Bf2 Nb1 48. Be1 Na3 49. Kg3 Nb5 50. Kf3 Nc7 51. Kg3 Nd5 52. Bd2 Kg6 53. Kf3 1/2-1/2

[Event "Zelenograd Silent op"]
[Site "Zelenograd"]
[Date "2013.06.04"]
[Round "3"]
[White "Gerasimov, Aleksander"]
[Black "Sokolov, Yury"]
[Result "1/2-1/2"]
[WhiteElo "2188"]
[BlackElo "1908"]
[PlyCount "93"]
[EventDate "2013.06.02"]
[EventType "swiss"]
[EventRounds "9"]
[EventCountry "RUS"]
[SourceTitle "EXT 2015"]
[Source "ChessBase"]
[SourceDate "2014.11.20"]
[SourceVersion "1"]
[SourceVersionDate "2014.11.20"]
[SourceQuality "1"]

1. d4 Nf6 2. c4 g6 3. Nc3 Bg7 4. e4 d6 5. Be2 0-0 6. Nf3 e5 7. 0-0 Nc6 8. d5 Ne7 9. b4 Ne8 10. c5 f5 11. Nd2 f4 12. Nc4 a6 13. a4 Bd7 14. Ba3 Nc8 15. b5 dxc5 16. Bxc5 Ncd6 17. b6 Bc8 18. bxc7 Qxc7 19. Bb6 Qe7 20. f3 Nxc4 21. Bxc4 Nd6 22. Qb3 Bd7 23. Be2 Rfc8 24. Rfc1 Bf8 25. a5 Kg7 26. Na4 Bxa4 27. Qxa4 Qe8 28. Qb3 Rxc1+ 29. Rxc1 Rc8 30. Qb2 Rxc1+ 31. Qxc1 Qc8 32. Qb2 Kf6 33. g3 g5 34. Bf2 Qe8 35. Qb6 Qd7 36. Bc5 h6 37. Bf1 Be7 38. h4 Kg7 39. hxg5 hxg5 40. Kh2 Nc8 41. Bh3 Qxh3+ 42. Kxh3 Nxb6 43. Bxb6 Bd6 44. Kg4 Kg6 45. Bd8 fxg3 46. Kxg3 Kh5 47. Kh3 1/2-1/2

[Event "Wch Seniors 22nd"]
[Site "Kamena Vourla"]
[Date "2012.11.24"]
[Round "11"]
[White "Sokolov, Yury"]
[Black "Beltz, Robert"]
[Result "0-1"]
[WhiteElo "1947"]
[BlackElo "2105"]
[PlyCount "128"]
[EventDate "2012.11.13"]
[EventType "swiss"]
[EventRounds "11"]
[EventCountry "GRE"]
[SourceTitle "CBM 151 Extra"]
[Source "ChessBase"]
[SourceDate "2012.12.18"]
[SourceVersion "1"]
[SourceVersionDate "2012.12.18"]
[SourceQuality "1"]

1. e4 c5 2. Nf3 Nc6 3. d4 cxd4 4. Nxd4 Nf6 5. Nc3 Qc7 6. Be2 a6 7. Be3 e6 8. 0-0 Be7 9. f4 d6 10. Qd2 0-0 11. Rad1 Nxd4 12. Bxd4 b5 13. e5 b4 14. exf6 bxc3 15. Bxc3 gxf6 16. Rf3 e5 17. Rg3+ Kh8 18. fxe5 fxe5 19. Qh6 Rg8 20. Rxg8+ Kxg8 21. Bf3 Rb8 22. Be4 f5 23. Bd5+ Kh8 24. Rd3 Qc5+ 25. Kh1 Qf2 26. Qc1 Bd7 27. Rf3 Qc5 28. Qd2 Rf8 29. b4 Qc8 30. Bb3 Be6 31. Bb2 Bxb3 32. Rxb3 Qc4 33. Qd1 Rg8 34. a3 Qe4 35. Rf3 Rc8 36. Rf2 Kg8 37. h3 f4 38. Qg4+ Kf7 39. Re2 Qc4 40. Kh2 Rg8 41. Qh5+ Kf8 42. Rf2 Qe4 43. Re2 Qc4 44. Bc1 Rg5 45. Qf3 Rg3 46. Qh5 Kg7 47. Rf2 Rg6 48. Qf3 Bh4 49. Re2 Bg3+ 50. Kh1 Bh4 51. Re4 Qxc2 52. Be3 Rg3 53. Rxf4 Rxf3 54. Rxf3 d5 55. g3 Qd1+ 56. Kg2 Qe2+ 57. Bf2 Bf6 58. Re3 Qc2 59. Kf1 d4 60. Re2 Qc1+ 61. Be1 Qxa3 62. h4 e4 63. g4 Qh3+ 64. Rg2 Bxh4 0-1

[Event "Ufa Gumerov Memorial op"]
[Site "Ufa"]
[Date "2012.08.05"]
[Round "5"]
[White "Sokolov, Yury"]
[Black "Faizulin, Zharas"]
[Result "1/2-1/2"]
[WhiteElo "1982"]
[BlackElo "2130"]
[PlyCount "105"]
[EventDate "2012.08.01"]
[EventType "swiss"]
[EventRounds "9"]
[EventCountry "RUS"]
[SourceTitle "EXT 2013"]
[Source "ChessBase"]
[SourceDate "2012.11.22"]
[SourceVersion "1"]
[SourceVersionDate "2012.11.22"]
[SourceQuality "1"]

1. e4 c5 2. Nf3 Nc6 3. d4 cxd4 4. Nxd4 e5 5. Nb3 Nf6 6. Nc3 Bb4 7. Bd3 d5 8. exd5 Nxd5 9. Bd2 Bxc3 10. bxc3 0-0 11. 0-0 f5 12. c4 Nf6 13. f3 e4 14. fxe4 fxe4 15. Be2 Be6 16. Bc3 Qe7 17. Qe1 Rae8 18. Qh4 Bc8 19. Rad1 e3 20. Nd4 Rd8 21. Nxc6 bxc6 22. Rxd8 Qxd8 23. Bd3 h6 24. Bxf6 Rxf6 25. Rxf6 Qxf6 26. Qxf6 gxf6 27. Kf1 Kf7 28. Ke2 Ke6 29. Kxe3 Ke5 30. g3 Bg4 31. Bf1 Bf5 32. Bd3 Be6 33. a3 c5 34. Bf1 Bg4 35. Kd3 Bf5+ 36. Ke3 Be4 37. Bd3 Bc6 38. Bg6 f5 39. Kd3 f4 40. g4 Bd7 41. h3 Kf6 42. Be4 Kg5 43. Ke2 h5 44. gxh5 Bxh3 45. Bf3 Bf5 46. Kd2 Bh7 47. c3 Bb1 48. Ke1 Bd3 49. Kd2 Bxc4 50. Kc2 Bf7 51. Kd3 Bxh5 52. Bd5 f3 53. Bxf3 1/2-1/2

[Event "Sterlitamak Rochinskiy op"]
[Site "Sterlitamak"]
[Date "2012.06.27"]
[Round "6"]
[White "Sokolov, Yury"]
[Black "Timofeev, Pavel"]
[Result "0-1"]
[WhiteElo "1953"]
[BlackElo "1800"]
[PlyCount "58"]
[EventDate "2012.06.22"]
[EventType "swiss"]
[EventRounds "9"]
[EventCountry "RUS"]
[SourceTitle "EXT 2013"]
[Source "ChessBase"]
[SourceDate "2012.11.22"]
[SourceVersion "1"]
[SourceVersionDate "2012.11.22"]
[SourceQuality "1"]

1. e4 e5 2. Nc3 Bc5 3. Bc4 Nf6 4. Nf3 Nc6 5. 0-0 d6 6. Re1 Nd4 7. Nxd4 Bxd4 8. Nb5 Bb6 9. h3 0-0 10. d3 Qe7 11. Bg5 h6 12. Bh4 g5 13. Bg3 h5 14. Qd2 Nh7 15. Nc3 c6 16. Nd1 h4 17. Bh2 g4 18. hxg4 Bxg4 19. Kh1 Ng5 20. f4 Nf3 21. Qb4 Nxe1 22. Qxe1 exf4 23. Nf2 Be6 24. Bb3 Bxb3 25. axb3 f5 26. Nh3 f3 27. gxf3 fxe4 28. fxe4 Rf3 29. Ng1 Rf2 0-1

[Event "Sterlitamak Rochinskiy op"]
[Site "Sterlitamak"]
[Date "2012.06.23"]
[Round "2"]
[White "Sokolov, Yury"]
[Black "Evseev, Egor"]
[Result "1-0"]
[WhiteElo "1953"]
[BlackElo "1506"]
[PlyCount "78"]
[EventDate "2012.06.22"]
[EventType "swiss"]
[EventRounds "9"]
[EventCountry "RUS"]
[SourceTitle "EXT 2013"]
[Source "ChessBase"]
[SourceDate "2012.11.22"]
[SourceVersion "1"]
[SourceVersionDate "2012.11.22"]
[SourceQuality "1"]

1. e4 c5 2. Nf3 Nc6 3. d4 cxd4 4. Nxd4 g6 5. Bc4 Bg7 6. Be3 Nf6 7. Nc3 0-0 8. Nb3 d6 9. f3 Bd7 10. Qd2 Rc8 11. 0-0-0 a6 12. g4 b5 13. Be2 Ne5 14. h4 b4 15. Nd5 Nxd5 16. exd5 Nc4 17. Bxc4 Rxc4 18. h5 Qc7 19. hxg6 hxg6 20. Kb1 Rc8 21. Rc1 Qd8 22. Qh2 e5 23. Qh7+ Kf8 24. Bh6 Bxh6 25. Qxh6+ Ke8 26. Qg7 Qg5 27. Rh7 Rf4 28. Nd2 Kd8 29. Ne4 Qe7 30. g5 Rxf3 31. Nf6 Be8 32. Rh8 Kc7 33. Rf8 Kb7 34. Qg8 Rxf6 35. gxf6 Qd7 36. b3 a5 37. Qh8 a4 38. Qh4 Qb5 39. Qe4 a3 1-0

[Event "Sterlitamak op"]
[Site "Sterlitamak"]
[Date "2011.07.05"]
[Round "9"]
[White "Dubov, Danil"]
[Black "Sokolov, Yury"]
[Result "1-0"]
[WhiteElo "2155"]
[BlackElo "1946"]
[PlyCount "52"]
[EventDate "2011.06.27"]
[EventType "swiss"]
[EventRounds "9"]
[EventCountry "RUS"]
[SourceTitle "EXT 2012"]
[Source "ChessBase"]
[SourceDate "2011.11.24"]
[SourceVersion "1"]
[SourceVersionDate "2011.11.24"]
[SourceQuality "1"]

1. e4 e5 2. Nf3 Nc6 3. Bb5 a6 4. Ba4 Nf6 5. Qe2 b5 6. Bb3 d6 7. a4 Bg4 8. axb5 Nd4 9. Qc4 Be6 10. Qd3 axb5 11. Rxa8 Qxa8 12. Nxd4 exd4 13. Bxe6 fxe6 14. Qxb5+ Kf7 15. 0-0 Qxe4 16. d3 Qa8 17. Re1 c5 18. Nd2 Be7 19. Ne4 Nxe4 20. Rxe4 Rd8 21. Qb3 d5 22. Re2 Qb8 23. Qa3 Qb7 24. Bf4 c4 25. Qa2 Ra8 26. Qb1 Bb4 1-0

[Event "Sterlitamak op"]
[Site "Sterlitamak"]
[Date "2011.07.02"]
[Round "6"]
[White "Sokolov, Yury"]
[Black "Zheleznov, Sergey"]
[Result "1-0"]
[WhiteElo "1946"]
[BlackElo "2175"]
[PlyCount "78"]
[EventDate "2011.06.27"]
[EventType "swiss"]
[EventRounds "9"]
[EventCountry "RUS"]
[SourceTitle "EXT 2012"]
[Source "ChessBase"]
[SourceDate "2011.11.24"]
[SourceVersion "1"]
[SourceVersionDate "2011.11.24"]
[SourceQuality "1"]

1. d4 d5 2. Nc3 Bf5 3. f3 e6 4. e4 Bg6 5. a3 Nf6 6. Bg5 Be7 7. e5 Nfd7 8. Bxe7 Qxe7 9. Nh3 h6 10. Nf4 Bh7 11. Qd2 0-0 12. h4 c5 13. Nb5 Nc6 14. c4 cxd4 15. cxd5 exd5 16. e6 fxe6 17. Be2 Rac8 18. Nxd4 Nxd4 19. Qxd4 Qf6 20. Qxf6 Rxf6 21. g3 Rc2 22. b4 Nb6 23. Bd1 Rb2 24. 0-0 e5 25. Ng2 Nc4 26. Re1 Kf7 27. Be2 Nd2 28. f4 e4 29. Ne3 Ke6 30. Ng4 Rf7 31. Rac1 Kd6 32. Ne5 Rf8 33. Bg4 Bf5 34. Bh5 g5 35. Re2 gxf4 36. gxf4 d4 37. Rxd2 Rxd2 38. Nc4+ Kd5 39. Nxd2 Be6 1-0

[Event "Voronezh op-B 15th"]
[Site "Voronezh"]
[Date "2011.06.20"]
[Round "9"]
[White "Sitnikov, Sergey V"]
[Black "Sokolov, Yury"]
[Result "1-0"]
[WhiteElo "1974"]
[BlackElo "1913"]
[PlyCount "69"]
[EventDate "2011.06.12"]
[EventType "swiss"]
[EventRounds "9"]
[EventCountry "RUS"]
[SourceTitle "CBM 143 Extra"]
[Source "ChessBase"]
[SourceDate "2011.08.29"]
[SourceVersion "1"]
[SourceVersionDate "2011.08.29"]
[SourceQuality "1"]

1. c4 e5 2. Nc3 Bc5 3. e3 Nc6 4. Nf3 Nf6 5. d4 exd4 6. exd4 Bb4 7. Bd3 d5 8. 0-0 0-0 9. Bg5 dxc4 10. Bxc4 Bg4 11. Bxf6 Qxf6 12. Nd5 Qd6 13. Nxb4 Qxb4 14. Be2 Bxf3 15. Bxf3 Nxd4 16. Bxb7 Rab8 17. a3 Qxb2 18. Rb1 Qc3 19. Qa4 a5 20. h3 Rfd8 21. Kh2 Qc5 22. Rfe1 g6 23. f4 f6 24. Rbc1 Qd6 25. Qc4+ Kg7 26. Qxc7+ Kh6 27. Re7 Qxc7 28. Rcxc7 Rh8 29. g4 Rbe8 30. h4 Rxe7 31. Rxe7 f5 32. g5+ Kh5 33. Kh3 h6 34. Rd7 Rb8 35. Rh7 1-0

[Event "Voronezh op-B 15th"]
[Site "Voronezh"]
[Date "2011.06.18"]
[Round "7"]
[White "Sokolov, Yury"]
[Black "Cho, Seongho"]
[Result "0-1"]
[WhiteElo "1913"]
[BlackElo "1801"]
[PlyCount "52"]
[EventDate "2011.06.12"]
[EventType "swiss"]
[EventRounds "9"]
[EventCountry "RUS"]
[SourceTitle "CBM 143 Extra"]
[Source "ChessBase"]
[SourceDate "2011.08.29"]
[SourceVersion "1"]
[SourceVersionDate "2011.08.29"]
[SourceQuality "1"]

1. e4 c5 2. Nf3 Nc6 3. d4 cxd4 4. Nxd4 Qb6 5. Nb3 e6 6. Be3 Qc7 7. Nc3 a6 8. a3 Nf6 9. Be2 Be7 10. Qd2 d6 11. f4 b5 12. g4 Na5 13. g5 Nxb3 14. cxb3 Nd7 15. f5 Nc5 16. Bxc5 Qxc5 17. h4 Bb7 18. Rf1 Qe5 19. 0-0-0 Rc8 20. Bd3 h6 21. Rde1 hxg5 22. hxg5 Rh2 23. Qe3 Bxg5 24. Qxg5 Rxc3+ 25. Kb1 Rxd3 26. Qc1 Rdd2 0-1

[Event "Voronezh op-B 15th"]
[Site "Voronezh"]
[Date "2011.06.15"]
[Round "4"]
[White "Karlson, Vladilen"]
[Black "Sokolov, Yury"]
[Result "1-0"]
[WhiteElo "2179"]
[BlackElo "1913"]
[PlyCount "45"]
[EventDate "2011.06.12"]
[EventType "swiss"]
[EventRounds "9"]
[EventCountry "RUS"]
[SourceTitle "CBM 143 Extra"]
[Source "ChessBase"]
[SourceDate "2011.08.29"]
[SourceVersion "1"]
[SourceVersionDate "2011.08.29"]
[SourceQuality "1"]

1. e4 e5 2. Nf3 Nc6 3. Bb5 a6 4. Ba4 Nf6 5. 0-0 b5 6. Bb3 Be7 7. Re1 d6 8. c3 Bg4 9. h3 Bh5 10. d3 0-0 11. Nbd2 d5 12. g4 Bg6 13. g5 Nh5 14. Bxd5 Qd7 15. Bxc6 Qxc6 16. Nxe5 Qe6 17. Ndf3 Qxh3 18. Nh2 Qe6 19. d4 Rad8 20. f4 f5 21. Nxg6 hxg6 22. exf5 Qxf5 23. Rxe7 1-0

[Event "Lipetsk Region-ch"]
[Site "Lipetsk"]
[Date "2010.03.27"]
[Round "6"]
[White "Kurbatov, Andrei"]
[Black "Sokolov, Yury"]
[Result "1-0"]
[WhiteElo "2135"]
[BlackElo "1946"]
[PlyCount "57"]
[EventDate "2010.03.22"]
[EventType "swiss"]
[EventRounds "9"]
[EventCountry "RUS"]
[SourceTitle "EXT 2011"]
[Source "ChessBase"]
[SourceDate "2010.11.26"]
[SourceVersion "1"]
[SourceVersionDate "2010.11.26"]
[SourceQuality "1"]

1. d4 Nf6 2. Nf3 g6 3. c4 Bg7 4. Nc3 d5 5. e3 0-0 6. b3 c6 7. Bd3 Re8 8. 0-0 Nbd7 9. Bb2 e5 10. Nxe5 Nxe5 11. dxe5 Ng4 12. cxd5 Qh4 13. h3 Bxe5 14. Qe2 Nh2 15. f4 Nxf1 16. fxe5 Ng3 17. Qf3 Rxe5 18. dxc6 Bf5 19. cxb7 Rb8 20. Nd5 Re6 21. Rc1 Rd6 22. Bxf5 Nxf5 23. Rc8+ Rd8 24. Nf6+ Kg7 25. Nd7+ Kh6 26. Rxd8 Rxd8 27. Qf4+ g5 28. Qxf5 Rg8 29. b8Q 1-0